000
00311 a2200145 4500
001
60752
020
_a
888029119X
040
_c
Anchieta - Pituba
240
1
0
_a
O livro de ouro de Florença
_l
por
245
1
0
_a
O livro de ouro de Florença
300
_a
127
362
0
_a
1994
650
4
_a
Artes
942
_c
BK
999
_c
60752
_d
60752